000 00639nam a2200217 u 4500
005 20240924071247.0
008 091202s2006 r 000 0 eng d
020 _a9706802711
035 _aUPN01000174085
049 _aI
050 4 _aPZ75
_bS3.4
100 1 _aScotto, Thomas,
_d1974-
245 1 4 _aLos infernales /
_cThomas Scotto ; tr. Pilar Ortiz Lovillo.
260 _aMéxico :
_bVerdehalago,
_c2006.
300 _a55 p.
440 0 _aPequeños libros de bolsillo.
_pNovela
534 _pTítulo original:
_tLes infernaux
650 4 _aLiteratura infantil
_94445
650 4 _aNiños en la literatura
_914415
905 _aLibro
999 _c146189
_d146189